000 00455nam a2200181Ia 4500
008 240925s9999 xx 000 0 und d
020 _a9780071797535
082 _a658.562 BRU
100 _aBrussee, Warren
245 0 _aStatistics for Six Sigma
250 _a2nd
260 _aAustralia:
_bMcgraw Hill Pvt Ltd
_c,2012.
300 _a697p.
_bNA
_fOriginal
500 _aIncludes Index
600 _aManagement
650 _aManagement
942 _cBK
999 _c15229
_d15229